000
00259nam a2200097Ia 4500
001
682948
005
20250826161428.0
008
250824s9999 xx 000 0 und d
245
0
_a
DÜNYAYA HÜKMEDEN SULTAN KANUNİ
_c
TALHA UĞURLUEL
260
_b
TİMAŞ YAYINLARI
999
_c
682948
_d
682948